PRINCIPLES OF ECONOMIC SOCIOLOGY (Record no. 27969)

MARC details
000 -LEADER
fixed length control field 00342nam a2200133Ia 4500
008 - FIXED-LENGTH DATA ELEMENTS--GENERAL INFORMATION
fixed length control field 240624s9999 xx 000 0 und d
041 ## - LANGUAGE CODE
Language code of text/sound track or separate title eng
082 ## - DEWEY DECIMAL CLASSIFICATION NUMBER
Classification number 306 SWE
100 ## - MAIN ENTRY--PERSONAL NAME
Personal name SWEDBERG RICHARD
245 ## - TITLE STATEMENT
Title PRINCIPLES OF ECONOMIC SOCIOLOGY
260 ## - PUBLICATION, DISTRIBUTION, ETC.
Date of publication, distribution, etc. 2007
Place of publication, distribution, etc. New Delhi
Name of publisher, distributor, etc. Princeton University Press
300 ## - PHYSICAL DESCRIPTION
Extent 384 : p.
365 ## - TRADE PRICE
Currency code RS
Price amount 30
Holdings
Withdrawn status Lost status Damaged status Not for loan Home library Current library Shelving location Date acquired Source of acquisition Cost, normal purchase price Full call number Barcode Date last seen Copy number Price effective from Koha item type
        IMTN IMTN Rack 6-B 09/20/2016 RW 775.00 306 SWE 27969 06/24/2024 1 06/24/2024 Books
Designed & Maintained by: LRC IMT Nagpur Contact: lrc@imtnag.ac.in© 2024. All Rights Reserved.